History Quiz

Random History or War Quiz

Timeline of US Wars Quiz Stats

 Plays Quiz not verified by Sporcle

Support Sporcle.
Go Orange.
Score 0/14 Timer 04:00
0 Plays Today
Starting Year War % Correct
1812War of 1812
92.6%
1775American Revolution
91%
1914World War I
85.1%
1960Vietnam War
84.2%
1939World War II
83.6%
1950Korean War
82.7%
1861US Civil War
79.6%
Starting Year War % Correct
1756French and Indian War
73.1%
1898Spanish-American War
68.4%
1990Persian Gulf War
65.3%
1846Mexican-American War
60.7%
2003Invasion of Iraq
32.8%
2001Invasion of Afghanistan
25.4%
1836War for Texas Independence
20.4%

You're not logged in!

Compare scores with friends on all Sporcle quizzes.
OR
Log In

From the Vault

TV Within TV

by Qaqaq

How long until there's a TV show about people who watch a lot of TV?
Remove Ads.
Support Sporcle.
Get the best of Sporcle when you Go Orange. This ad-free experience offers more features, more stats, and more fun while also helping to support Sporcle. Thank you for becoming a member.

Show Comments

Extras

Top Quizzes Today


Score Distribution

Your Account Isn't Verified!

In order to create a playlist on Sporcle, you need to verify the email address you used during registration. Go to your Sporcle Settings to finish the process.

Report this User

Report this user for behavior that violates our Community Guidelines.

Details: